000 00370nam a2200157 i 4500
001 bg
100 1 _aBŁAŻEWSKI, Stefan
245 0 _aPomiary twardości metali /
_cS. Błażewski.
250 _aWyd.2 popr.i uzup.
260 _aWarszawa,
_c1954.
040 _cBPK
041 _apol
080 _a620.17
942 _cKS
008 s pl f |000 0 pol
999 _c10540
_d10540
856 _uhttp://koha.tu.koszalin.pl/cgi-bin/koha/opac-detail.pl?biblionumber=10540
_yKatalog online BPK